INTRODUCTION TO PARTIAL DIFFERENTIAL EQUATIONS (Record no. 22376)

MARC details
000 -LEADER
fixed length control field 00337nam a22001457a 4500
003 - CONTROL NUMBER IDENTIFIER
control field SGT
020 ## - INTERNATIONAL STANDARD BOOK NUMBER
International Standard Book Number 978-81-203-4227-4
082 ## - DEWEY DECIMAL CLASSIFICATION NUMBER
Classification number 515.353
Item number RAO
100 ## - MAIN ENTRY--PERSONAL NAME
Personal name RAO, K. SANKARA
245 ## - TITLE STATEMENT
Title INTRODUCTION TO PARTIAL DIFFERENTIAL EQUATIONS
250 ## - EDITION STATEMENT
Edition statement 3RD
260 ## - PUBLICATION, DISTRIBUTION, ETC. (IMPRINT)
Place of publication, distribution, etc INDIA
Name of publisher, distributor, etc PHI PUB.
Year of Publication 2022
300 ## - PAGE DESCRIPTION
No. of Pages 488
942 ## - ADDED ENTRY ELEMENTS (KOHA)
Source of classification or shelving scheme Dewey Decimal Classification
Koha item type Books
942 ## - ADDED ENTRY ELEMENTS (KOHA)
-- 3
Holdings
Withdrawn status Lost status Source of classification or shelving scheme Damaged status Not for loan Collection code Home library Current library Shelving location Date acquired Vendor Name Cost, normal purchase price SGTU Bill Number Full call number Accession No. (Barcode) Date last seen Bill Date Koha item type Total Checkouts Date last borrowed
    Dewey Decimal Classification   Not For Loan SCIENCE SGT Science & Social Sciences Library SGT Science & Social Sciences Library Reference Book 03/03/2022 ABC 495.00 SGTU 13842 515.353 RAO PS6588 03/03/2022   Books    
    Dewey Decimal Classification     SCIENCE SGT Science & Social Sciences Library SGT Science & Social Sciences Library Text Book 03/03/2022 ABC 495.00 SGTU 13842 515.353 RAO PS6589 03/03/2022   Books    
    Dewey Decimal Classification     SCIENCE SGT Science & Social Sciences Library SGT Science & Social Sciences Library Text Book 03/03/2022 ABC 495.00 SGTU 13842 515.353 RAO PS6590 28/10/2023   Books 2 30/09/2023
    Dewey Decimal Classification     SCIENCE SGT Science & Social Sciences Library SGT Science & Social Sciences Library Text Book 03/03/2022 ABC 495.00 SGTU 13842 515.353 RAO PS6591 19/10/2022   Books 1 31/08/2022
    Dewey Decimal Classification     SCIENCE SGT Science & Social Sciences Library SGT Science & Social Sciences Library Text Book 03/03/2022 ABC 495.00 SGTU 13842 515.353 RAO PS6592 03/03/2022   Books